Statistics for Name that Smurf

Click here to take the quiz!

General Stats

  • This quiz has been taken 270 times
  • The average score is 16 of 51

Answer Stats

HintAnswer% Correct
Leader of the smurfsPapa
98%
For the longest time the only female smurf in the villageSmurfette
92%
Always seems to be tripping over his own feetClumsy
80%
Too smart for his own good!Brainy
77%
The strongest smurfHefty
66%
This smurf never seems to be happyGrouchy
56%
Beware his yellow and red wrapped presents!Jokey
56%
He loves himself very muchVanity
56%
Always seems to be eating!Greedy
53%
Can fix anything, and wears overallsHandy
51%
Makes sure the village has plenty of crops to eatFarmer
47%
Frightened of everything!Scaredy
43%
He provides the village with fresh breadBaker
42%
A brilliant artistPainter
40%
The youngest of the smurfsBaby
39%
Loves to share his verses, especially when they actually rhymePoet
39%
He is very old, and returns to the village after 500 yearGrandpa
34%
Nearly always asleep!Lazy
33%
Catches fish for the villageFisher
31%
Makes the clothes for the smurfsTailor
28%
A smurfling, who loves nature and wears overallsNat
27%
Loves playing his trumpetHarmony
24%
He works in the dark, with a candle in his hatMiner
21%
Grandpa's girlfriendNanny
20%
The female smurfling, created as a sister for SmurfetteSassette
20%
He tries to keep the smurfs well, but often failsDoctor
19%
He fantasizes about visiting faraway landsDreamy
19%
Likes to write sensational articlesReporter
19%
He always seems to have the fluSneezy
19%
An excellent outdoors-man, often carries a walking stickTracker
19%
His clothes are made out of leavesWild
19%
A smurfling who is never enthusiastic about anythingSlouchy
18%
A very curious smurfNosey
17%
A smurfling with an impulsive dispositionSnappy
17%
A very shy smurfTimid
17%
A very filthy smurfSloppy
16%
Could really do with a wash!Stinky
16%
Cleans the chimneysSweepy
16%
The designer of the mushroom housesArchitect
15%
Is always cryingWeepy
15%
Goes out to sea to gather spicesMarco
13%
Puny but tries so hard at sportsWeakling
13%
Creator of the village newspaperEditor
12%
Used to do everything in reverseReflection
12%
Has problems making decisionsFlighty
11%
Can't say noPushover
11%
The residential sheep shearerWoolly
11%
An introverted and sentimental smurfDabbler
10%
Tends to be constantly overlookedNobody
10%
Likes challenging others to fightsTuffy
10%
He wears a knit hat and a flannel shirt.Lumberjack
9%

Score Distribution

Percentile by Number Answered

Percent of People with Each Score

Your Score History

You have not taken this quiz